000 01048nam a2200265Ia 4500
003 OSt
005 20220923211111.0
006 a|||||r|||| 00| 0
007 ta
008 220922b |||||||| |||| 00| 0 hin d
020 _a8181430948 (hbk)
_c100
024 _a242,211
037 _b481, 26/02/2010, Vani Prakashan
_cTextual
040 _aARTS
_cARTS
_bhin
041 _2hin
_ahin
082 _aO152,1N33:g, P3
100 _aमुजावर, सरदार
_9158240
245 0 _aदुष्यन्त कुमार की ग़ज़लों का समीक्षात्मक अध्ययन
246 _aDuṣhyanta kumār kī ग़ज़loan kā samīkṣhātmak adhyayana
260 _aनयी दिल्ली
_b वाणी प्रकाशन
_c2003
300 _a68पृ.
_ccm.
650 _aहिन्दी साहित्य
_9156264
942 _hO152,1N33:g, P3
_cTEXL
_2CC
999 _c295244
_d295244